Főuri vadászat
Správa o tom, že gróf Alexander Andráši (Sándor Andrássy) organizuje na svojom panstve v Tiszadobe veľkopanskú poľovačku v dňoch 29.-31.01.1914, na ktorej sa zúčastní o.i. aj panstvo Zemplína.
| Médium: | Článok |
|---|---|
| Jazyk: | Hungarian |
| Témy: | |
| Zdroj: |
1. Homonna és Vidéke : Hetilap 1. Roč. 14, č. 5 (01.02.1914) s. 2 |
| LEADER | 00980nab#a2200313#ar4500 | ||
|---|---|---|---|
| 001 | 000072280 | ||
| 003 | SVKKK | ||
| 005 | 20020607xxxxxxx. | ||
| 008 | 06 c xo huno | ||
| FMT | |||
| 038 | |a SVKKK | ||
| 040 | |a SVKKK |b slo |e AACR2 | ||
| 041 | 0 | |a hun | |
| 044 | |a xo |c SK | ||
| 080 | |a 639 | ||
| 242 | 1 | 0 | |a Veľkopanská poľovačka |
| 245 | 0 | 0 | |a Főuri vadászat |
| 500 | |a mikrofilm | ||
| 520 | 2 | |a Správa o tom, že gróf Alexander Andráši (Sándor Andrássy) organizuje na svojom panstve v Tiszadobe veľkopanskú poľovačku v dňoch 29.-31.01.1914, na ktorej sa zúčastní o.i. aj panstvo Zemplína. | |
| 650 | 0 | 4 | |a poľovačka - Andráši, Alexander (gróf) (organizátor) - Tiszadob (HU) - 29.-31.01.1914 - správy |
| 773 | 0 | |t Homonna és Vidéke : Hetilap |g Roč. 14, č. 5 (01.02.1914) s. 2 | |
| 957 | |a Humenné | ||
| 957 | |a Tiszadob | ||
| 958 | |a DG | ||
| 958 | |a SK | ||
| 974 | |a Ba |d 20020607 | ||
| 992 | |a RBX | ||
| BAS | |||
| 998 | |a RETRO | ||